000 00928cab a2200277 4500
001 ABS52573
008 090401t1994 xxu||||| |||| 00| 0 eng d
035 _a(Sirsi) u85100
041 _aeng
100 _aBone-Winkel, S.
245 4 _aThe strategic management of open-ended property funds
260 _c1994
350 _a0
490 _aJournal of Property Finance
_v5(4) 1994, 43-55(7)
520 _aExamines the open-ended property fund boom in Germany over the past two years and advocates solutions to emerging problems in fund management.
650 _aOPEN-ENDED PROPERTY FUNDS
650 _aPORTFOLIO MANAGEMENT
650 _aPROPERTY FINANCE
650 _aPROPERTY FUNDS
650 _aPROPERTY INVESTMENT
690 _aPROPERTY-COMMERCIAL PROPERTY-COMMERCIAL PROPERTY FINANCE AND INVESTMENT
690 _aFINANCE AND INVESTMENT
690 _aOVERSEAS-EUROPE
942 _n0
948 _c04/03/1997
999 _c53508
_d53508